Personnalités au hasard #38 - Statistiques

Statistiques générales
  • Ce quiz a été pris 160 fois
  • Le résultat moyen est 10 sur 32
Statistiques - réponses
Par images Réponse % Correct
M. Pokora
93%
Bilal Hassani
89%
Doigby
60%
Djilsi
58%
Fabien Roussel
57%
Liane Foly
56%
Laurent Ournac
53%
Amélie Oudéa-Castéra
51%
Estelle Denis
47%
Agathe Auproux
44%
Guy Bedos
39%
Jean-Michel Maire
35%
YassEncore
35%
Jodie Foster
32%
Daniel Lévi
29%
Nathalie Marquay
27%
Pablo Mira
27%
Marie Garet
26%
Boris Eltsine
23%
Lindsay Lohan
20%
Nehuda
17%
Nathalie Péchalat
14%
Amandine du 38
13%
Madison Bailey
11%
Miguel Ángel Muñoz
10%
Véronique de Villèle
9%
Alba Flores
7%
Raúl Castro
6%
Konrad Adenauer
5%
Laverne Cox
5%
Quentin Bataillon
4%
Seulgi
3%
Aucun quiz correspondant
Distribution des résultats
% des personnes avec chaque résultat
Percentile par nombre de réponses
Votre historique - résultats
Vous n’avez pas pris ce quiz